Statistics for Greek Gods

Click here to take the quiz!

General Stats

  • This quiz has been taken 74 times
  • The average score is 20 of 26

Answer Stats

God of...Name% Correct
WarAres
97%
SeaPoseidon
93%
LoveAphrodite/Eros
92%
MessagesHermes
92%
AgricultureDemeter
90%
WineDionysus
90%
UnderworldHades
90%
HuntingArtemis
87%
Crafts and WisdomAthena
87%
MarriageHera
87%
VictoryNike
87%
ArcheryApollo
85%
BlacksmithsHephaestus
84%
HearthHestia
84%
SkyZeus
84%
StrifeEris
82%
SpringtimePersephone
80%
SleepHypnos
75%
DeathThanatos
69%
RevengeNemesis
67%
FearPhobos
59%
DolphinsDelphin
56%
Good LuckTyche
49%
PanicDeimos
46%
DaytimeHemera
41%
Violent Sea StormsKymopoleia
23%

Score Distribution

Percentile by Number Answered

Percent of People with Each Score

Your Score History

You have not taken this quiz